| 000 | 00592nam a22001697a 4500 | ||
|---|---|---|---|
| 003 | OSt | ||
| 005 | 20171010095438.0 | ||
| 008 | 120531t xxu||||| |||| 00| 0 eng d | ||
| 040 |
_aMMSU _cULS |
||
| 100 |
_aPardo, Mary Antonette A. _99819 |
||
| 245 |
_aEfficacy of anti-mosquito lotion from lanzones (Lansium Domesticum Corr) rind _cMary Antonette A. Pardo |
||
| 260 | _c2007 | ||
| 300 |
_axiv, 41 leaves _c28 cm. |
||
| 500 | _aThesis (BS Biology) -- Mariano Marcos State University-College of Arts and Sciences, Batac City | ||
| 504 | _aBibliography: leaves 25-26 | ||
| 942 |
_2ddc _cTHEDIS |
||
| 999 |
_c9525 _d9525 |
||